| 000 | 01787cam a22004214a 4500 | ||
|---|---|---|---|
| 001 | 12593197 | ||
| 003 | OSt | ||
| 005 | 20250904064925.0 | ||
| 008 | 011119s2002 enk b 001 0 eng | ||
| 010 | _a 2001058138 | ||
| 020 |
_a1842770926 _qcased |
||
| 020 |
_a1842770934 _qlib. bdg. |
||
| 020 |
_a9781842770924 _q(cased) |
||
| 020 |
_a9781842770931 _q(lib. bdg.) |
||
| 035 | _a12593197 | ||
| 040 |
_aDLC _cDLC _dDLC |
||
| 042 | _apcc | ||
| 050 | 0 | 0 |
_aKBP540.3 _b.I85 2002 |
| 082 | 0 | 0 |
_a346/.1671015 _221 |
| 100 | _aAbdullahi A. An-Naʻim | ||
| 245 | 0 | 0 |
_aIslamic family law in a changing world : _ba global resource book / _cedited by Abdullahi A. An-Naʻim. |
| 260 |
_aLondon ; _aNew York : _bZed Books ; _aNew York : _bDistributed in the USA by Palgrave, _c2002. |
||
| 300 |
_axvi, 320 p. _c25 cm. |
||
| 336 |
_atext _btxt _2rdacontent |
||
| 337 |
_aunmediated _bn _2rdamedia |
||
| 338 |
_avolume _bnc _2rdacarrier |
||
| 504 | _aIncludes bibliographical references and index. | ||
| 650 | 0 | _aDomestic relations (Islamic law) | |
| 700 | 1 |
_aNaʻīm, ʻAbd Allāh Aḥmad, _d1946- |
|
| 856 | 4 | 2 |
_3Contributor biographical information _uhttp://www.loc.gov/catdir/bios/hol051/2001058138.html |
| 856 | 4 | 2 |
_3Book review (H-Net) _uhttp://www.h-net.org/review/hrev-a0d5e4-aa |
| 856 | 4 | 1 |
_3Table of contents _uhttp://www.loc.gov/catdir/toc/hol031/2001058138.html |
| 856 | 4 | 2 |
_3Publisher description _uhttp://www.loc.gov/catdir/description/hol031/2001058138.html |
| 906 |
_a7 _bcbc _corignew _d1 _eocip _f20 _gy-gencatlg |
||
| 942 |
_2lcc _cGEN |
||
| 999 |
_c18580 _d18580 |
||